| 000 | 00599nam a22001937a 4500 | ||
|---|---|---|---|
| 005 | 20160921114223.0 | ||
| 010 | _aENG-116028 | ||
| 020 |
_a9789351438304 _c750.00 |
||
| 035 | _aEN-99560 | ||
| 037 | _bDBAD/PUB | ||
| 082 | _a343.54052 | ||
| 100 | _aSuresh,T.G. | ||
| 245 |
_aCapital gains tax : _cby T.G. Suresh _blaw and practice / |
||
| 250 | _a2nd ed. | ||
| 260 |
_aGurgaon _bLexisNexis _c2016 |
||
| 270 |
_a14th Floor, Building No.10, Tower-B, DLF Cyber City, Phase-II _bGurgaon (Haryana) _e122002 |
||
| 300 |
_alxi,450p. _c24cm(pbk) |
||
| 942 |
_2ddc _cEN _mSUR _h343.54052 |
||
| 999 |
_c103496 _d103496 |
||